00722nam a2200217 a 450000100060000000300090000600800410001501500210005602000600007704000280013708200140016524500320017926000320021130000380024350000370028150500210031865000650033970000310040470000400043570000290047525283CO-ViMGA141112s2004 ck r 000 u spa d ack - 2012 - xxxx a9789584535030 (9) 9789584535047 (10) 9789584535054 (11) aCO-ViMGAbspacCO-ViMGA04a300.7 N6710aNorma, sociales para pensar aBogotá : bNorma, cc2012 av. : il. col., fot. col. ; 28 cm. aIncluyen lección digital norma aGrado 9, 10 y 1114aCiencias sociales - Enseñanza secundaria - Libros de texto1 aLeón Rodríguez, Nohora1 aMartínez Camacho, José Eduardo 1 aRamirez Arcos, Fernando